The science of measurement : (Record no. 123037)
[ view plain ]
| 000 -LEADER | |
|---|---|
| fixed length control field | 01082cam a2200349 a 4500 |
| 001 - CONTROL NUMBER | |
| control field | 765171 |
| 003 - CONTROL NUMBER IDENTIFIER | |
| control field | ARRUPE |
| 005 - DATE AND TIME OF LATEST TRANSACTION | |
| control field | 20150722150239.0 |
| 008 - FIXED-LENGTH DATA ELEMENTS--GENERAL INFORMATION | |
| fixed length control field | 890714r19881974nyua 001 0 eng |
| 010 ## - LIBRARY OF CONGRESS CONTROL NUMBER | |
| LC control number | 88025858 |
| 020 ## - INTERNATIONAL STANDARD BOOK NUMBER | |
| International Standard Book Number | 0486258394 (pbk.) |
| 035 ## - SYSTEM CONTROL NUMBER | |
| System control number | (OCoLC)18414506 |
| 035 ## - SYSTEM CONTROL NUMBER | |
| System control number | (OCoLC)ocm18414506 |
| 035 ## - SYSTEM CONTROL NUMBER | |
| System control number | (CStRLIN)NYCG89-B51801 |
| 035 ## - SYSTEM CONTROL NUMBER | |
| System control number | (NNC)765171 |
| 040 ## - CATALOGING SOURCE | |
| Modifying agency | MdBJ |
| Transcribing agency | Arrupe |
| 050 0# - LIBRARY OF CONGRESS CALL NUMBER | |
| Classification number | QC88 |
| Item number | .K57 1988 |
| 082 0# - DEWEY DECIMAL CLASSIFICATION NUMBER | |
| Classification number | 530.8/09 |
| Edition number | 19 |
| 090 ## - LOCALLY ASSIGNED LC-TYPE CALL NUMBER (OCLC); LOCAL CALL NUMBER (OCLC) | |
| Classification number (OCLC) (R) ; Classification number, CALL (RLIN) (NR) | QC88 |
| Local cutter number (OCLC) ; Book number/undivided call number, CALL (RLIN) | .K57 1988 |
| 300 ## - PHYSICAL DESCRIPTION | |
| Other physical details | ill. ; |
| Dimensions | 22 cm. |
| 100 1# - MAIN ENTRY--PERSONAL NAME | |
| Personal name | Klein, H. Arthur. |
| 9 (RLIN) | 18524 |
| 240 10 - UNIFORM TITLE | |
| Uniform title | <a href="World of measurements">World of measurements</a> |
| 245 14 - TITLE STATEMENT | |
| Title | The science of measurement : |
| Remainder of title | a historical survey / |
| Statement of responsibility, etc | Herbert Arthur Klein. |
| 260 ## - PUBLICATION, DISTRIBUTION, ETC. (IMPRINT) | |
| Place of publication, distribution, etc | New York : |
| Name of publisher, distributor, etc | Dover Publications, |
| Date of publication, distribution, etc | 1988, c1974. |
| 263 ## - PROJECTED PUBLICATION DATE | |
| Projected publication date | 8812 |
| 300 ## - PHYSICAL DESCRIPTION | |
| Extent | 736 p. : |
| 500 ## - GENERAL NOTE | |
| General note | Reprint. Originally published: The world of measurements. New York : Simon & Schuster, 1974. |
| 500 ## - GENERAL NOTE | |
| General note | Includes index. |
| 650 #0 - SUBJECT ADDED ENTRY--TOPICAL TERM | |
| Topical term or geographic name as entry element | Weights and measures. |
| 9 (RLIN) | 18525 |
| 650 #0 - SUBJECT ADDED ENTRY--TOPICAL TERM | |
| Topical term or geographic name as entry element | Weights and measures |
| General subdivision | History. |
| 9 (RLIN) | 18362 |
| 942 ## - ADDED ENTRY ELEMENTS (KOHA) | |
| Source of classification or shelving scheme | Library of Congress Classification |
| Koha item type | Monograph ( Printed materials) |
| Withdrawn status | Lost status | Source of classification or shelving scheme | Damaged status | Not for loan | Collection code | Home library | Current library | Shelving location | Date acquired | Total Checkouts | Full call number | Barcode | Date last seen | Price effective from | Koha item type |
|---|---|---|---|---|---|---|---|---|---|---|---|---|---|---|---|
| Library of Congress Classification | Main Collection | ARRUPE LIBRARY | ARRUPE LIBRARY | Main Collection | 22/07/2015 | QC88 .K57 1988 | 46500004385 | 02/07/2019 | 22/07/2015 | Monograph ( Printed materials) |